Largest Wisconsin Cities by County - Statistics

General Stats
  • This quiz has been taken 755 times
  • The average score is 31 of 72
Answer Stats
County Largest City Population City % Correct
Milwaukee 594,833 Milwaukee
98%
Brown 105,809 Green Bay
95%
Dane 236,901 Madison
95%
Eau Claire 65,429 Eau Claire
92%
La Crosse 51,719 La Crosse
90%
Fond du Lac 43,021 Fond du Lac
88%
Kenosha 99,738 Kenosha
87%
Racine 78,860 Racine
86%
Sheboygan 49,288 Sheboygan
83%
Waukesha 70,718 Waukesha
80%
Outagamie 72,623 Appleton
78%
Winnebago 66,083 Oshkosh
77%
Marathon 39,114 Wausau
73%
Manitowoc 33,736 Manitowoc
72%
Ashland 8,695 Ashland
71%
Rock 63,575 Janesville
71%
Chippewa 13,661 Chippewa Falls
66%
Menominee 4,562 Menominee
63%
Dunn 16,264 Menomonie
63%
Marinette 10,968 Marinette
62%
Portage 26,717 Stevens Point
60%
Douglas 27,244 Superior
60%
Shawano 9,305 Shawano
59%
Waupaca 6,069 Waupaca
59%
Columbia 10,662 Portage
56%
Oconto 4,708 Oconto
48%
Door 9,144 Sturgeon Bay
48%
Adams 1,914 Adams
45%
Grant 11,224 Platteville
45%
Green 10,843 Monroe
43%
Oneida 7,735 Rhinelander
43%
Sauk 12,048 Baraboo
42%
Saint Croix 12,719 Hudson
39%
Florence 2,319 Florence
36%
Bayfield 2,280 Washburn
35%
Sawyer 2,129 Hayward
33%
Barron 8,438 Rice Lake
33%
Richland 5,184 Richland Center
33%
Walworth 13,437 Whitewater
33%
Wood 19,454 Marshfield
32%
Washington 29,894 West Bend
32%
Dodge 16,243 Beaver Dam
31%
Vilas 1,443 Eagle River
31%
Ozaukee 23,739 Mequon
30%
Crawford 5,911 Prairie du Chien
29%
Pierce 15,000 River Falls
29%
Lincoln 9,661 Merrill
28%
Jackson 3,622 Black River Falls
27%
Iowa 4,698 Dodgeville
27%
Jefferson 21,598 Watertown
27%
Langlade 8,560 Antigo
26%
Monroe 9,602 Sparta
25%
Rusk 3,932 Ladysmith
22%
Iron 1,543 Hurley
21%
Juneau 4,411 Mauston
19%
Vernon 5,079 Viroqua
19%
Clark 2,731 Neillsville
18%
Washburn 2,653 Spooner
18%
Calumet 3,708 Chilton
17%
Kewaunee 3,357 Algoma
16%
Green Lake 5,305 Berlin
16%
Waushara 5,305 Berlin
16%
Taylor 4,326 Medford
16%
Marquette 1,397 Montello
16%
Forest 1,920 Crandon
15%
Price 2,462 Park Falls
15%
Pepin 1,968 Durand
12%
Burnett 1,369 Grantsburg
12%
Lafayette 2,451 Darlington
11%
Trempealeau 2,925 Arcadia
10%
Buffalo 2,634 Mondovi
9%
Polk 2,845 Amery
7%
No matching quizzes found
Score Distribution
Percent of People with Each Score
Percentile by Number Answered
Your Score History
You have not taken this quiz